Řeč těla v praxi : Teorie, cvičení a modelové situace

Guardado en:
Detalles Bibliográficos
Autor principal: Hartley, Mary (Autor)
Formato: Libro
Lenguaje:checo
Publicado: Praha : Portál, 2004
Edición:1. vyd
Materias:
Acceso en línea:OBSAH
Etiquetas: Agregar Etiqueta
Sin Etiquetas, Sea el primero en etiquetar este registro!

MARC

LEADER 00000nam a22000003a 4500
001 stu112430
005 20150617225840.9
008 060302s2004----xr------------------cze-d
020 |a 80-7178-844-9 
040 |a STU  |b slo 
041 0 |a cze 
044 |a xr 
080 |a 316.772.2 
100 1 |a Hartley, Mary  |4 aut 
245 1 |a Řeč těla v praxi :  |b Teorie, cvičení a modelové situace 
250 |a 1. vyd 
260 |a Praha :  |b Portál,  |c 2004 
300 |a 103 s 
650 7 |a komunikácia neverbálna  |2 stusub 
650 7 |a pracovné vzťahy  |2 stusub 
856 4 |a https://sweb.mtf.stuba.sk/obsahy/rec_tela_v_praxi_teorie_cviceni_a_modelove_situace_04.pdf  |u https://sweb.mtf.stuba.sk/obsahy/rec_tela_v_praxi_teorie_cviceni_a_modelove_situace_04.pdf  |3 OBSAH 
996 |b 284M072383  |c M*11853-2  |l MMST  |s A  |a 24  |w stu112430_0002